| 000 | 01050cam a2200277 a 4500 | ||
|---|---|---|---|
| 001 | 3558720 | ||
| 003 | OSt | ||
| 005 | 20160606153043.0 | ||
| 008 | 980317s1998 enka 001 0 eng | ||
| 010 | _a 98003646 | ||
| 020 | _a0521584795 (hb) | ||
| 040 |
_aDLC _cDLC _dDLC |
||
| 050 | 0 | 0 |
_aQR181.7 _b.K46 1998 |
| 082 | 0 | 0 |
_aQW 504 _bK335d 1998 |
| 100 | 1 |
_aKendall, Marion D. _99213 |
|
| 245 | 1 | 0 |
_aDying to live : _bhow our bodies fight disease / _cMarion Kendall. |
| 260 |
_aCambridge ; _aNew York : _bCambridge University Press, _c1998. |
||
| 300 |
_axi, 196 p. : _bill. ; _c24 cm. |
||
| 500 | _aIncludes index. | ||
| 650 | 0 |
_aImmune system _xPopular works. _99214 |
|
| 856 | 4 | 2 |
_3Publisher description _uhttp://www.loc.gov/catdir/description/cam029/98003646.html |
| 856 | 4 | 1 |
_3Table of contents _uhttp://www.loc.gov/catdir/toc/cam026/98003646.html |
| 906 |
_a7 _bcbc _corignew _d1 _eocip _f19 _gy-gencatlg |
||
| 942 |
_2ddc _cO_SHELF |
||
| 999 |
_c4272 _d4272 |
||